Understanding state welfare
| Main Author: | |
|---|---|
| Format: | Book |
| Published: |
London :
SAGE publications ,
2002
|
| Subjects: |
MARC
| LEADER | 00000cam a2200000 7i4500 | ||
|---|---|---|---|
| 001 | 0000013848 | ||
| 005 | 20050623.0 | ||
| 020 | |a 0761967699 | ||
| 040 | |a INS | ||
| 090 | 0 | 0 | |a HV245 |b L86 2002 |
| 100 | 1 | |a Lund, Brian | |
| 245 | 1 | 0 | |a Understanding state welfare |c Brian Lund |
| 260 | |a London : |b SAGE publications , |c 2002 | ||
| 300 | |a 2p : |b 253p ; |c 23cm. | ||
| 650 | 0 | 0 | |a Great britain |x Social policy |
| 650 | 0 | 0 | |a Public welfare |x Great britain |y History |
| 650 | 0 | 0 | |a Welfare state |
| 999 | |a 0000014107 |b BOOK |c Open Shelf |e Default branch | ||